La civilización maya

Na minha lista:
Detalhes bibliográficos
Autor principal: Sharer, Robert J (Author)
Formato: Livro
Idioma:espanhol
Publicado em: Ciudad de México Fondo de Cultura Económica 1998
Edição:3a. ed
Assuntos:
Tags: Adicionar Tag
Sem tags, seja o primeiro a adicionar uma tag!

MARC

LEADER 00000cam a2200000 a 4500
001 UCF1591
003 CL-VaPUC
008 120711e19980000MX |||||||||||||||||spa|d
020 |a 9681647718 
082 0 4 |a 972.004  |b SHA  |2 21 
100 0 |a Sharer, Robert J  |e author  |9 563059 
245 1 3 |a La civilización maya 
250 |a 3a. ed 
300 |a 882 p 
942 |c BK 
945 |d 20120711 00:00:00  |a dcastane 
260 |a Ciudad de México  |b Fondo de Cultura Económica  |c 1998 
650 0 |a Culturas indígenas  |9 266389 
650 7 |a HISTORIA MAYA  |2 CL-VaPUC  |9 464023 
650 7 |a CIVILIZACION MAYA  |2 CL-VaPUC  |9 267996 
583 |a last modification  |c 20120711 16:46:00  |k Rodrigo Vera 
999 |c 348294  |d 348292 
952 |0 0  |1 0  |4 0  |6 972_004000000000000_SHA_1998  |7 0  |8 X  |9 450259  |a FDOBUD  |b FDOBUD  |d 2019-11-22  |i 4796128  |o 972.004 SHA 1998  |p 4796128  |r 2019-11-22  |w 2019-11-22  |y BK_X  |k BUD 
952 |0 0  |1 0  |4 0  |6 972_004000000000000_SHA_1998  |7 0  |8 A  |9 450260  |a BIBING  |b BIBING  |d 2019-11-22  |i 4874617  |o 972.004 SHA 1998  |p 4874617  |r 2025-01-20  |w 2019-11-22  |y BK  |k CUI